Toyota Car Models by Picture | New - Statistics

General Stats
  • This quiz has been taken 252 times
  • The average score is 11 of 53
Answer Stats
Picture Answer % Correct
Camry
84%
Corolla
62%
Supra
61%
Prius
55%
RAV4
48%
Avalon
46%
4Runner
42%
Tacoma
42%
CH-R
40%
Tundra
38%
86
36%
Land Cruiser
36%
FJ Cruiser
35%
GR Yaris
29%
Highlander
28%
Sequoia
28%
Aygo
26%
HiAce
26%
Corolla Cross
24%
Mirai
24%
Sienna
24%
Fortuner
23%
Yaris
22%
Allion
17%
Venza
17%
Innova
13%
Raize
13%
Vios
13%
Rush
12%
Harrier
11%
Proace
11%
Etios
10%
Voxy
10%
Agya
9%
Passo
9%
Avanza
8%
Sienta
8%
Century 3
7%
Glanza
6%
Probox
6%
Taxi
6%
Levin GT
5%
Urban Cruiser
5%
Wildlander
5%
Roomy
4%
C+POD
3%
Proace City
3%
Yaris Cross Z
3%
Hilux Revo
1%
Landcuiser
0%
Pixus Epoch
0%
Pixus Joy
0%
Pixus Mega
0%
No matching quizzes found
Score Distribution
Percent of People with Each Score
Percentile by Number Answered
Your Score History
You have not taken this quiz